Rustic Malaysia : A pictorial journey

Bibliographic Details
Main Author: TENG
Format: Book
Published: Kuala Lumpur : Tropical Press , 1994
Subjects:

MARC

LEADER 00000cam a2200000 7i4500
001 0000001180
005 20140117.0
020 0 0 |a 9677300784 
090 0 0 |a R915.9504   |b TEN 1994 
100 1 0 |a TENG   |h Arthur 
245 1 0 |a Rustic Malaysia :   |b A pictorial journey   |c by Arthur Teng 
260 0 0 |a Kuala Lumpur :   |b Tropical Press ,   |c 1994 
300 |a 145 p. :   |b col. ill. ;   |c 30 cm. 
500 0 0 |a Includes index 
650 0 0 |a Country life   |z Malaysia   |x Pictorial works 
650 0 0 |a Landscape   |z Malaysia   |x Pictorial works 
651 0 0 |a Malaysia   |x Description and travel   |x Pictorial works 
651 0 0 |a Malaysia   |x Social life and customs   |x Pictorial works 
998 |a JPSM 
999 |a 0000002068   |b Monograph   |c Reference   |e Default branch